书目信息 |
| 题名: |
菲利普·约翰逊
|
|
| 作者: | ;大师编辑部 编著 | |
| 分册: | ||
| 出版信息: | 武汉 华中科技大学出版社 2007.10 |
|
| 页数: | 194页 | |
| 开本: | 24cm | |
| 丛书名: | 建筑大师MOOK丛书 | |
| 单 册: | ||
| 中图分类: | TU206 | |
| 科图分类: | ||
| 主题词: | 建筑设计--jian zhu she ji--美国--现代--作品集 | |
| 电子资源: | ||
| ISBN: | 978-7-5609-4235-3 | |
| 000 | 01086nam 2200253 450 | |
| 001 | 012008210935 | |
| 005 | 20080430112049.92 | |
| 010 | @a978-7-5609-4235-3@dCNY44.00 | |
| 100 | @a20080429d2007 em y0chiy0120 ea | |
| 101 | 0 | @achi |
| 102 | @aCN@b420000 | |
| 105 | @aa z 000yy | |
| 106 | @ar | |
| 200 | 1 | @a菲利普·约翰逊@Afei li pu·yue han xun@f《大师》编辑部编著@F《da shi》bian ji bu bian zhu |
| 210 | @a武汉@c华中科技大学出版社@d2007.10 | |
| 215 | @a194页@c图@d24cm | |
| 225 | 2 | @a建筑大师MOOK丛书@Ajian zhu da shi MOOK cong shu |
| 330 | @a菲利普·约翰逊在他34岁那年才正式开始学习建筑,但这并没有妨碍他最终成为引领美国建筑发展方向的重要人物。有着建筑界·教父”之称的菲利普·约翰逊一生都在求变,一生都在引领潮流,他的影响渗透到了建筑界的每一个领域.他是纽约现代艺术博物馆建筑设计部纳创始人,他是将欧洲现代主义延伸到美国的第一人。 | |
| 410 | 0 | @12001 @a建筑大师MOOK丛书 |
| 606 | 0 | @a建筑设计@Ajian zhu she ji@y美国@z现代@j作品集 |
| 690 | @aTU206@v4 | |
| 711 | 02 | @a大师编辑部@Ada shi bian ji bu@4编著 |
| 801 | 0 | @aCN@bQSSK@c20080430 |
| 905 | @b299248-50@dTU206@eD087@f3 | |
| 菲利普·约翰逊/《大师》编辑部编著.-武汉:华中科技大学出版社,2007.10 |
| 194页:图;24cm.-(建筑大师MOOK丛书) |
| ISBN 978-7-5609-4235-3:CNY44.00 |
| 菲利普·约翰逊在他34岁那年才正式开始学习建筑,但这并没有妨碍他最终成为引领美国建筑发展方向的重要人物。有着建筑界·教父”之称的菲利普·约翰逊一生都在求变,一生都在引领潮流,他的影响渗透到了建筑界的每一个领域.他是纽约现代艺术博物馆建筑设计部纳创始人,他是将欧洲现代主义延伸到美国的第一人。 |
| ● |
| 相关链接 |
|
|
|
正题名:菲利普·约翰逊
索取号:TU206/D087
 
预约/预借
| 序号 | 登录号 | 条形码 | 馆藏地/架位号 | 状态 | 备注 |
| 1 | 299248 | 202992486 | 建筑与城市规划学院资料室/101建筑库 13排4列1层/ [索取号:TU206/D087] | 在馆 | |
| 2 | 299249 | 202992495 | 建筑库101/101建筑库 40排5列3层/ [索取号:TU206/D087] | 在馆 | |
| 3 | 299250 | 202992501 | 自科二线404/404自科库 14排1列1层/ [索取号:TU206/D087] | 在馆 |